000 00625nam a2200265Ia 4500
005 20260121172844.0
008 008 260114s9999 xx 000 0 eng d
020 _a9783030838683
037 _aEBOOK
040 _aCRL
040 _beng
040 _cCRL
041 _2eng
041 _aeng
084 _qCRL
100 _aEmily Stockard
_91093584
245 4 _aThe Making of Barbara Pym
260 _bSpringer
260 _bSpringer
260 _c2021
856 _uhttps://link.springer.com/openurl?genre=book&isbn=978-3-030-83868-3
942 _cEBOOK
999 _c1659326
_d1659326